Soccer Logos (Partially) #2 - Medium - Statistics

General Stats
  • This quiz has been taken 105 times
  • The average score is 12 of 16
Answer Stats
Picture Answer % Correct
West Ham United
99%
Chelsea
98%
PSV Eindhoven
95%
Rangers
91%
Real Betis
91%
Lazio
89%
Galatasaray
87%
Athletic Club Bilbao
83%
VfB Stuttgart
78%
River Plate
77%
AFC Bournemouth
71%
Monchengladbach
62%
AEK Athens
59%
SC Freiburg
57%
Al Ittihad
56%
Besiktas
53%
No matching quizzes found
Score Distribution
Percent of People with Each Score
Percentile by Number Answered
Your Score History
You have not taken this quiz